| 000 | 00000nam 2200000zi 4500 |
| 001 | 9.954008 |
| 003 | CaOODSP |
| 005 | 20250822151455 |
| 006 | m o d f |
| 007 | cr cn |||||||| |
| 008 | 250812s2024 oncd os f000 0 fre d |
| 040 | |aCaOODSP|bfre|erda|cCaOODSP |
| 041 | 0 |aeng|afre |
| 043 | |an-cn--- |
| 086 | 1 |aH82-58/2024-PDF |
| 100 | 1 |aGaudette, EĢtienne, |d1953- |eauteur. |
| 245 | 10|aCost-effectiveness of the top 100 drugs by public spending in Canada, 2015–2021 : |ba repeated cross-sectional study / |cÉtienne Gaudette, Shirin Rizzardo, Yvonne Zhang, Mina Tadrous, and Kevin R. Pothier = Rapport coût-efficacité des 100 médicaments représentant les plus grandes dépenses des régimes publics au Canada, 2015-2021 : une étude transversale répétée / Étienne Gaudette, Shirin Rizzardo, Yvonne Zhang, Mina Tadrous et Kevin R. Pothier. |
| 246 | 11|aRapport coût-efficacité des 100 médicaments représentant les plus grandes dépenses des régimes publics au Canada, 2015-2021 : |bune étude transversale répétée |
| 264 | 1|a[Ottawa] : |bPatented Medicine Prices Review Board = Conseil d'examen du prix des médicaments brevetés, |c[2024] |
| 300 | |a1 ressource en ligne (1 page non numérotée) : |bgraphiques |
| 336 | |atexte|btxt|2rdacontent/fre |
| 337 | |ainformatique|bc|2rdamedia/fre |
| 338 | |aressource en ligne|bcr|2rdacarrier/fre |
| 500 | |aTitre de départ. |
| 500 | |a« NPDUIS, National Prescription Drug Utilization Information System, "Supporting health care decision making in Canada" = SNIUMP, Le Système national d'information sur l'utilisation des médicaments prescrits, « Appuyer les décisions en matière des soins de santé au Canada. » » |
| 520 | |a« Évaluer la distribution et les dépenses selon la catégorie de rapport coût-efficacité parmi les médicaments dont les niveaux de dépenses des régimes publics sont les plus élevés au Canada. La part des dépenses en produits pharmaceutiques des régimes publics allouée aux médicaments avec ou sans un bon rapport coût-efficacité a été estimée à l'aide des évaluations de l'Agence canadienne des médicaments et des technologies de la santé (ACMTS) du rapport coût-efficacité et des données sur les dépenses des régimes publics canadiens de six provinces » -- Introduction, page [1]. |
| 546 | |aTexte en anglais et en français. |
| 650 | 6|aMédicaments|zCanada|vStatistiques. |
| 650 | 6|aMédicaments|xPolitique gouvernementale|zCanada|vStatistiques. |
| 650 | 6|aDépenses publiques|vStatistiques. |
| 651 | 6|aCanada|xCrédits budgétaires et dépenses|vStatistiques. |
| 655 | 7|aStatistiques|2rvmgf |
| 710 | 1 |aCanada. |bConseil d'examen du prix des médicaments brevetés, |eorganisme de publication. |
| 788 | |tCost-effectiveness of the top 100 drugs by public spending in Canada, 2015–2021 : |eeng|w(CaOODSP)9.954009 |
| 856 | 40|qPDF|s441 Ko|uhttps://publications.gc.ca/collections/collection_2025/cepmb-pmprb/H82-58-2024.pdf |
| 856 | 4 |qHTML|sS.O.|uhttps://www.canada.ca/fr/examen-prix-medicaments-brevetes/services/sniump/etudes-analytiques/affiches/cout-efficacite-100-medicaments.html |